LIBRARY & INFORMATION CENTRE, KCAET, TAVANUR

ONLINE PUBLIC ACCESS CATALOGUE (OPAC)

Post harvest management of horticultural crops / (Record no. 13061)

MARC details
000 -LEADER
fixed length control field 00472cam a2200181ua 4500
041 ## - LANGUAGE CODE
Language code of text/sound track or separate title eng
082 ## - DEWEY DECIMAL CLASSIFICATION NUMBER
Classification number 631.56
Item number MIR/PO
100 ## - MAIN ENTRY--AUTHOR NAME
Personal name Mir, M.A .
245 ## - TITLE STATEMENT
Title Post harvest management of horticultural crops /
260 ## - PUBLICATION, DISTRIBUTION, ETC. (IMPRINT)
Place of publication Udaypur :
Name of publisher Agro-tech publishing academy ,
Year of publication 2007.
300 ## - PHYSICAL DESCRIPTION
Number of Pages 360 ;
Accompanying material `.
942 ## - ADDED ENTRY ELEMENTS (KOHA)
Koha item type Books
Holdings
Withdrawn status Lost status Damaged status Home library Current library Date acquired Full call number Accession Number Koha item type
      KAUAET KAUAET 07/04/2012 631.56 21638 Books
      KAUAET KAUAET 07/04/2012 631.56 21961 Books
free website counter